|
|
|
|
| LEADER |
00000nam a2200000 a 4500 |
| 001 |
UCU3749 |
| 003 |
CL-VaPUC |
| 008 |
960510e19740000SP |||||||||||||||||spa|d |
| 082 |
0 |
4 |
|a 621.366
|b CAR
|2 21
|
| 100 |
0 |
|
|a Carroll, John M
|e author
|9 360853
|
| 245 |
1 |
0 |
|a Fundamentos y aplicaciones del láser
|
| 300 |
|
|
|a 154 p
|
| 942 |
|
|
|c BK
|
| 945 |
|
|
|d 19960510 00:00:00
|a paguirre
|
| 260 |
|
|
|a Barcelona
|b Marcombo
|c 1974
|
| 650 |
|
7 |
|a LASER
|2 CL-VaPUC
|9 360528
|
| 650 |
|
7 |
|a HACES
|2 CL-VaPUC
|9 360854
|
| 650 |
|
0 |
|a Vidrio óptico
|9 366674
|
| 650 |
|
0 |
|a Electromagnetismo
|9 260123
|
| 650 |
|
7 |
|a LONGITUD DE ONDA
|2 CL-VaPUC
|9 360856
|
| 650 |
|
7 |
|a FRECUENCIAS
|2 CL-VaPUC
|9 360857
|
| 583 |
|
|
|a last modification
|c 19960510 00:00:00
|k Rodrigo Vera
|
| 999 |
|
|
|c 247649
|d 247647
|
| 952 |
|
|
|0 0
|1 0
|4 0
|6 621_366000000000000_CAR_1974
|7 0
|8 A
|9 263714
|a BIBING
|b BIBING
|d 2019-11-19
|i 1658395
|o 621.366 CAR 1974
|p 1658395
|r 2025-01-20
|w 2019-11-19
|y BK
|k EIE
|